İsmail Bey Gaspıralı için (Record no. 4916)

MARC details
000 -BAŞLIK
Sabit Uzunlukta Kontrol Alanı 00870na a2200253 4500
001 - KONTROL NUMARASI
Denetim Alanı 14905
003 - KONTROL NUMARASI IDENTIFIER
Denetim Alanı MIRAKIL
005 - SON İŞLEM TARİHİ VE ZAMANI
Denetim Alanı 20181213155022.0
008 - SABİT-BOY VERİ ELEMANLARI - GENEL BİLGİLER
Sabit Uzunlukta Kontrol Alanı 160902b tu 000 0
020 ## - ULUSLARARASI STANDART KİTAP NUMARASI
Uluslararası Standart Kitap Numarası 9759648881
035 ## - SİSTEM KONTROL NUMARASI
Sistem Kontrol Numarası 14905
040 ## - KATALOGLAMA KAYNAK
Orijinal Kataloglama Ajansı Milas
Kataloglama Dili tur
Metne Dönüştürmek Ajansı TR-AnCHP
082 ## - DEWEY ONLU SINIFLANDIRMA NUMARASI
Sınıflandırma Numarası 928 Gaspıralı,İ.B.
Ürün Numarası İ75 2004
090 ## - SINIFLAMA NUMARASI
Sınıflama Numarası 928 Gaspıralı,İ.B. İ75 2004
245 ## - BAŞLIK TABLOSU
Başlık İsmail Bey Gaspıralı için
Sorumluluk Tablosu, Vb editör Hakan Kırımlı ...[ve öte.]
260 ## - YAYIN, DAĞITIM, VB
Yayın, Dağıtım, Vb Yeri Ankara
Yayıncı, Dağıtıcı, Vs Adı Kırım Türkleri Kültür ve Yardımlaşma Derneği
Yayın, Dağıtım, Vb Tarihi 2004
300 ## - FİZİKSEL TANIM
Kapsam 697 s.
Boyutlar 24 sm.
490 ## - SERİSİ TABLOSU
Seri Beyanı Kırım Türkleri Kültür ve Yardımlaşma Derneği genel merkezi yayınları
Hacim / Ardışık Tanımı 9
600 ## - KONU KATMA GİRİŞ - KURUMSAL ADI
Kişisel Ad Gaspıralı, İsmail Bey
Bir Adıyla İlişkilendirilen Tarihler 1851-1951
Genel Alt Bölümü Yaşamöyküsü
650 ## - KONU KATMA GİRİŞ - TOPİKAL DÖNEM
Topikal Süreli Veya Coğrafi Ad Giriş Elemanı Kırım Türkleri
Genel Alt Bölümü Tatarlar
650 ## - KONU KATMA GİRİŞ - TOPİKAL DÖNEM
Topikal Süreli Veya Coğrafi Ad Giriş Elemanı Türk dünyası
Genel Alt Bölümü Denemeler
700 ## - KATMA GİRİŞ - KİŞİSEL İSİM
Kişisel Ad Kırımlı, Hakan
942 ## - EKLENDİ GİRİŞ ELEMANLARI (KOHA)
Sınıflandırma Veya Raf Düzeni Kaynak Dewey Decimal Classification
Koha Öğesi Türü Books
999 ## - SİSTEM KONTROL NUMARALARI (KOHA)
Koha Biblionumber 4916
Koha Biblioitemnumber 4916
Holdings
Kalıcı Konum Mevcut Konum Edinme Tarihi Edinim Kaynak Toplam Check-Out'Lar Tam Çağrı Numarası Barkod Tarih Son Görülme İtibaren Geçerli Fiyatlar Koha Öğesi Türü
CHP Kütüphanesi CHP Kütüphanesi 09/02/2016 Bağış   928 Gaspıralı,İ.B. İ75 2004 002753 09/02/2016 09/02/2016 Books